Central Library OPAC University of Rajshahi

Empirical foundations of psychology / (Record no. 71480)

MARC details
000 -LEADER
fixed length control field 00799nam a2200229 a 4500
001 - CONTROL NUMBER
control field 71480
003 - CONTROL NUMBER IDENTIFIER
rucl marc code BD-RjUL
005 - DATE AND TIME OF LATEST TRANSACTION
control field 20211209082124.0
008 - FIXED-LENGTH DATA ELEMENTS--GENERAL INFORMATION
fixed length control field 170504s1952 enka b 001 0 eng d
035 ## - SYSTEM CONTROL NUMBER
System control number (BD-RjUL)71696
040 ## - CATALOGING SOURCE
Original cataloging agency IAF
Transcribing agency IAF
Modifying agency UKM
-- EQO
-- BD-RjUL
Language of cataloging eng
041 ## - LANGUAGE CODE
Language code of text/sound track or separate title eng
082 ## - DEWEY DECIMAL CLASSIFICATION NUMBER
Edition number 23
Classification number 150.1943
Author mark and year PRE 1952
100 1# - MAIN ENTRY--PERSONAL NAME
Personal name Pronko, N. H.
Fuller form of name (Nicholas Henry),
Dates associated with a name 1908-
9 (RLIN) 211471
245 10 - TITLE STATEMENT
Title Empirical foundations of psychology /
Statement of responsibility, etc. N. H. Pronko and J. W. Bowles, Jr ; with the collaboration of D. T. Herman, Harris Hill, and John Bucklew, Jr
260 ## - PUBLICATION, DISTRIBUTION, ETC. (IMPRINT)
Place of publication, distribution, etc. London :
Name of publisher, distributor, etc. Routledge & K. Paul,
Date of publication, distribution, etc. c1952
300 ## - PHYSICAL DESCRIPTION
Pagination xvi, 464 p. :
Illustrations ill. ;
Size 22 cm
504 ## - BIBLIOGRAPHY, ETC. NOTE
Bibliography, etc Includes bibliographies and index.
650 #0 - SUBJECT ADDED ENTRY--TOPICAL TERM
Topical term or geographic name as entry element Psychology
9 (RLIN) 211472
700 1# - ADDED ENTRY--PERSONAL NAME
Personal name Bowles, J. W.,
Dates associated with a name 1919-
942 ## - ADDED ENTRY ELEMENTS (KOHA)
Source of classification or shelving scheme Dewey Decimal Classification
Koha item type Books
Holdings
Lost status Source of classification or shelving scheme Damaged status Not for loan Collection code Permanent Location Current Location Shelving location Date acquired Source of acquisition Total Checkouts Full call number Date last seen Copy number Koha item type
  Dewey Decimal Classification   Not For Loan Non-fiction Central Library, University of Rajshahi Central Library, University of Rajshahi Reading Room 15/01/1970 Asia Foundation   150.1943 PRE 1952 04/05/2017 C-1 Books